000 02366nam a2200301 i 4500
001 000017293
003 DO-SdBPM
005 20260225121222.0
007 ta
008 100322s2011 dr a 000 0 spa d
020 _a9789945465082
040 _aDO-SdBPM
_bspa
_cBPMSU
_erda
_d
082 4 _a398.245
_bR696f 2011
_222
100 1 _aRodríguez Demorizi, Emilio,
_d1908-1986
_eautor
_4aut.
245 1 0 _aFábulas dominicanas /
_cEmilio Rodríguez Demorizi ;
264 4 _aSanto Domingo :
_b Editorial ECP,
_c2011
300 _a122 páginas :
_bilustraciones ;
_c32 cm.
336 _atexto
_btxt
_2rdacontent
337 _asin mediación
_bn
_2rdamedia
338 _avolumen
_bnc
_2rdacarrier
505 0 _aIntroducción, 9.-- José Núñez de Cáceres (1772-1846). La lechuza y la cigüeña, 21.-- El conejo, los corderos y el pastor, 26.-- La araña y el águila, 31.-- El mulo y la acémila, 34.-- El lobo y la raposa, 37.-- El abejarrón y la abeja, 42.-- El palomo, la paloma y la lechuza, 45.-- los topos en consejo, 50.-- El burro estudiante y el mulo médico, 55.-- El camello y el dromedario, 59.-- El tigre y el lobo reconciliados, 64.-- Felipe Dávila Fernández de Castro (1804-1879). Los tres relojes, 71.-- El borrico basurero, 74.-- El tordo diputado, 79.-- Las mariposas y el elefante, 85.-- El arco y el ídolo, 88.-- El león y sus vasallos, 90.-- Félix María del Monte (1819-1899). El hombre, el árbol y el toro, 95.-- Nicolás Ureña de Mendoza (1822-1875). El loro y el ratón, 103.-- Juan Antonio Alix (1833-1917). Fábula de los tres leones, 111.-- M. de J. de Peña y Reynoso (1834-1915). Las dos palmas, 115.-- El tocoloro, 119.-- El calórico y la luz, 122.-- José Dubeau y Bremón (1857-1925). El águila, el león y la zorra, 127.-- Pablo Pumarol (1856-1889). El petirre y el murciélago, 133.-- El carpintero y el gavilán, 137.-- Los pavos y el avestruz, 141.-- El gallo y el pollo, 144.-- El alcatraz y el reiconso, 147.-- José María Jiménez (1860-1942). La nube y el trueno, 153.-- Luis Emilio Garrido (1874-1904). A rey muerto, 159.-- Fábulas diversas. La fragata y la canoa, 165.
590 _aInventariado, 2026/VM
650 7 _aPoesía dominicana
650 7 _a Autores dominicanos
_vBiografías
650 7 _aFábulas
_xAnimales y leyendas
910 _aVMateo V. Control de calidad. BPMSU
942 _2ddc
_cBK
999 _c15736
_d15736